000 01013nam a2200253 a 4500
001 48328
003 BD-RjUL
005 20211209054513.0
008 160514r20102005ii ||||| b||| 00| d ben d
020 _a8129503654
_c: Tk. 250.00
035 _a(BD-RjUL)48447
040 _aBD-RjUL
_bben
_cBD-RjUL
041 _aben
082 _223
_a891.44209
_bGHB 2005
100 _aঘোষ, অজিতকুমার
_9121928
245 1 0 _aবাংলা নাটকের ইতিহাস /
_cঅজিতকুমার ঘোষ
250 _a১ম দে'জ সং.
260 _aকলকাতা :
_bদে'জ পাবলিশিং,
_c২০০৫
300 _a[৮], ৫৩৬ পৃ. ;
_c২২ সেমি.
504 _aগ্রন্থপঞ্জি ও নির্দেশিকা সংযুক্ত
650 _aবাংলা নাটক
_xইতিহাস ও সমালোচনা
_9123674
650 _aBengali Drama
_xHistory and Criticism
_9122764
942 _2ddc
_cBK
999 _c48328
_d48328